Statistics for KRAJI_19 - Savinjska - SZ del

Click here to take the quiz!

General Stats

  • This quiz has been taken 79 times
  • The average score is 13 of 18

Answers on the Map

Answers color-coded by a green-red scale on the quiz's map according to % correct below.
 

Answer Stats

Answer% Correct
Ambrož nad Krvavcem
88%
Gornji Grad
88%
Luče
86%
Črna na Koroškem
84%
Ljubno ob Savinji
84%
Nazarje
84%
Podvolovljek
81%
Kamniška Bistrica
77%
Mozirje
77%
Radegunda
77%
slap Rinka
77%
Zgornje Jezersko
77%
slap Čedca
72%
Strahovica
56%
Topla
49%
Ludranski vrh
44%
Bistra
42%
Koprivna
35%

Score Distribution

Percentile by Number Answered

Percent of People with Each Score

Your Score History

You have not taken this quiz